<?xml version="1.0" encoding="UTF-8"?>
<record
    xmlns:xsi="http://www.w3.org/2001/XMLSchema-instance"
    xsi:schemaLocation="http://www.loc.gov/MARC21/slim http://www.loc.gov/standards/marcxml/schema/MARC21slim.xsd"
    xmlns="http://www.loc.gov/MARC21/slim">

  <leader>02189cam a2200313 a 4500</leader>
  <controlfield tag="001">17694821</controlfield>
  <controlfield tag="005">20201128021111.0</controlfield>
  <controlfield tag="008">130409t2014    xxuak  frbd   001 0 eng d</controlfield>
  <datafield tag="010" ind1=" " ind2=" ">
    <subfield code="a">2013014339</subfield>
  </datafield>
  <datafield tag="020" ind1=" " ind2=" ">
    <subfield code="a">9781449667429</subfield>
  </datafield>
  <datafield tag="020" ind1=" " ind2=" ">
    <subfield code="a">1449667422</subfield>
  </datafield>
  <datafield tag="040" ind1=" " ind2=" ">
    <subfield code="a">DNLM/DLC</subfield>
    <subfield code="c">DLC</subfield>
    <subfield code="d">DLC</subfield>
    <subfield code="d">EG-ScBUE</subfield>
  </datafield>
  <datafield tag="082" ind1="0" ind2="0">
    <subfield code="a">174.2</subfield>
    <subfield code="2">22</subfield>
    <subfield code="b">NUR</subfield>
  </datafield>
  <datafield tag="245" ind1="0" ind2="0">
    <subfield code="a">Nursing ethics and professional responsibility in advanced practice /</subfield>
    <subfield code="c">edited by Pamela J. Grace.</subfield>
  </datafield>
  <datafield tag="250" ind1=" " ind2=" ">
    <subfield code="a">2nd ed.</subfield>
  </datafield>
  <datafield tag="260" ind1=" " ind2=" ">
    <subfield code="a">Burlington :</subfield>
    <subfield code="b">Jones &amp; Bartlett Learning,</subfield>
    <subfield code="c">c.2014.</subfield>
  </datafield>
  <datafield tag="300" ind1=" " ind2=" ">
    <subfield code="a">xiv, 560 p. :</subfield>
    <subfield code="b">forms, tables ;</subfield>
    <subfield code="c">23 cm.</subfield>
  </datafield>
  <datafield tag="500" ind1=" " ind2=" ">
    <subfield code="a">Rev. ed. of : Nursing ethics and professional responsibility in advanced practice / Pamela J. Grace. c2009.</subfield>
  </datafield>
  <datafield tag="500" ind1=" " ind2=" ">
    <subfield code="a">Glossary : p. 533-540.</subfield>
  </datafield>
  <datafield tag="500" ind1=" " ind2=" ">
    <subfield code="a">Index : p. 541-560.</subfield>
  </datafield>
  <datafield tag="504" ind1=" " ind2=" ">
    <subfield code="a">Includes bibliographical references.</subfield>
  </datafield>
  <datafield tag="505" ind1="0" ind2=" ">
    <subfield code="a">Philosophical foundations of applied and professional ethics / Pamela J. Grace-Nursing ethics / Pamela J. Grace-Advanced practice nursing : general ethical concerns / Pamela J. Grace-Professional responsibility, social justice, human rights, and injustice / Pamela J. Grace-Ethical leadership in advanced practice / Nan M. Gaylord and Pamela J. Grace-Research ethics : advanced practice roles and responsibilities / Pamela J. Grace-Nursing ethics and advanced practice : neonatal issues / Peggy Doyle Settle-Nursing ethics and advanced practice: children and adolescents / Nan Gaylord-Nursing ethics and advanced practice: women's health / Katharine T. Smith and Pamela J. Grace-Nursing ethics and advanced practice : adult-gerontologic health / Jane Flanagan-Nursing ethics and advanced practice : psychiatric and mental health issues / Pamela J. Grace and Pamela A. Terreri-Nursing ethics and advanced practice in the anesthesia and perioperative period / Gregory Sheedy, John Welch, Brian Sims-Ethical issues in palliative and end-of-life care across the lifespan / Vanessa Battista ... [et al.]</subfield>
  </datafield>
  <datafield tag="650" ind1=" " ind2="0">
    <subfield code="a">Nursing ethics.</subfield>
    <subfield code="9">23551</subfield>
  </datafield>
  <datafield tag="650" ind1=" " ind2="0">
    <subfield code="a">Nurse practitioners.</subfield>
    <subfield code="9">2175</subfield>
  </datafield>
  <datafield tag="653" ind1=" " ind2=" ">
    <subfield code="b">NNUR</subfield>
    <subfield code="c">October2014</subfield>
    <subfield code="c">March2015</subfield>
  </datafield>
  <datafield tag="655" ind1=" " ind2=" ">
    <subfield code="v">reading book</subfield>
    <subfield code="9">34232</subfield>
  </datafield>
  <datafield tag="700" ind1="1" ind2=" ">
    <subfield code="a">Grace, Pamela June</subfield>
    <subfield code="9">23550</subfield>
    <subfield code="e">editor.</subfield>
  </datafield>
  <datafield tag="942" ind1=" " ind2=" ">
    <subfield code="2">ddc</subfield>
    <subfield code="k">174.2 NUR</subfield>
  </datafield>
  <datafield tag="999" ind1=" " ind2=" ">
    <subfield code="c">18484</subfield>
    <subfield code="d">18456</subfield>
  </datafield>
  <datafield tag="952" ind1=" " ind2=" ">
    <subfield code="0">0</subfield>
    <subfield code="1">0</subfield>
    <subfield code="2">ddc</subfield>
    <subfield code="4">0</subfield>
    <subfield code="7">0</subfield>
    <subfield code="8">Baccah</subfield>
    <subfield code="a">MAIN</subfield>
    <subfield code="b">MAIN</subfield>
    <subfield code="c">LOW</subfield>
    <subfield code="d">2014-10-21</subfield>
    <subfield code="e">Purchase</subfield>
    <subfield code="g">313.00</subfield>
    <subfield code="h">20526</subfield>
    <subfield code="l">4</subfield>
    <subfield code="m">13</subfield>
    <subfield code="o">174.2 NUR</subfield>
    <subfield code="p">000036755</subfield>
    <subfield code="r">2025-07-15 00:00:00</subfield>
    <subfield code="s">2024-03-23</subfield>
    <subfield code="v">391.25</subfield>
    <subfield code="y">BB</subfield>
  </datafield>
  <datafield tag="952" ind1=" " ind2=" ">
    <subfield code="0">0</subfield>
    <subfield code="1">0</subfield>
    <subfield code="2">ddc</subfield>
    <subfield code="4">0</subfield>
    <subfield code="7">0</subfield>
    <subfield code="8">Baccah</subfield>
    <subfield code="a">MAIN</subfield>
    <subfield code="b">MAIN</subfield>
    <subfield code="c">LOW</subfield>
    <subfield code="d">2014-10-21</subfield>
    <subfield code="e">purchase</subfield>
    <subfield code="g">313.00</subfield>
    <subfield code="h">20526</subfield>
    <subfield code="l">2</subfield>
    <subfield code="o">174.2 NUR</subfield>
    <subfield code="p">000036756</subfield>
    <subfield code="r">2025-07-15 00:00:00</subfield>
    <subfield code="s">2022-10-24</subfield>
    <subfield code="v">391.25</subfield>
    <subfield code="y">BB</subfield>
  </datafield>
  <datafield tag="952" ind1=" " ind2=" ">
    <subfield code="0">0</subfield>
    <subfield code="1">0</subfield>
    <subfield code="2">ddc</subfield>
    <subfield code="4">0</subfield>
    <subfield code="7">0</subfield>
    <subfield code="8">Baccah</subfield>
    <subfield code="a">MAIN</subfield>
    <subfield code="b">MAIN</subfield>
    <subfield code="c">LOW</subfield>
    <subfield code="d">2015-03-28</subfield>
    <subfield code="e">purchase</subfield>
    <subfield code="g">313.00</subfield>
    <subfield code="h">22358</subfield>
    <subfield code="l">0</subfield>
    <subfield code="o">174.2 NUR</subfield>
    <subfield code="p">000037830</subfield>
    <subfield code="r">2025-07-15 00:00:00</subfield>
    <subfield code="v">391.25</subfield>
    <subfield code="y">BB</subfield>
  </datafield>
</record>
